000 00910nam a2200229Ia 4500
003 Ost
005 20260507075040.0
008 260507s9999||||xx |||||||||||||| ||und||
020 _a8035249957
040 _cfsecg
041 _aara
082 _a330
100 _aمحيلان، محمد حيدر صادق
_eمؤلف
245 0 _aإجراءات التخزين /
_c محمد حيدر صادق محيلان
260 _aعمان:
_bدار صفاء للنشر,
_c2002
300 _a183 صفحة؛
_bإيضاحات ؛
_c24 سم
504 _aببلوغرافيا ص.183
520 _aالخزن،تنظيم المستودعات،إدارة المستودعات،تخزين المواد في المستودعات،النماذج والسجلات المستخدمة في إدارة المخزون (تطبيقات عملية)
653 _aالادارة
653 _aالتخزين
942 _cكتاب
999 _c42499
_d42499